000 01952cam a22004937a 4500
003 CHAP
005 20220329142827.0
008 040531s2004 mx a r 00010 spa d
010 _a88357
011 _a89329
035 _a99880
040 _cCHAP
090 _aTesis
100 0 0 _aLópez Sánchez, Elia.
_968347
245 1 0 _aManual para el diseño, establecimiento y manejo de los principales sistemas agroforestales con cedro rojo, cedro nogal y primavera en la región de los Tuxtlas, Veracruz
_c/por Elia López Sánchez
260 _aChapingo, Méx. :
_bEl autor,
_c2004.
300 _a265 h. :
_bilus. , cuadros ; gráfs.
502 _aTesis (M.C. en Ciencias Forestales) -- UACH. División de Ciencias Forestales
530 _aTambién disponible en línea
590 _aALEPH
_b10
_c20130110
_lUCH01
_h1457
590 _aBATCH-UPD
_b10
_c20130109
_lUCH01
_h2307
590 _aBATCH-UPD
_b10
_c20130110
_lUCH01
_h0527
590 _aBATCH-UPD
_b10
_c20130110
_lUCH01
_h2340
590 _aBATCH-UPD
_b10
_c20130410
_lUCH01
_h0206
590 _aBATCH-UPD
_b10
_c20130410
_lUCH01
_h1628
590 _aBATCH-UPD
_b10
_c20130913
_lUCH01
_h2212
590 _aBATCH-UPD
_b10
_c20140324
_lUCH01
_h1444
590 _aBATCH-UPD
_b10
_c20141002
_lUCH01
_h0822
590 _aCONVERSION
_b10
_c20130109
_lUCH01
_h1349
650 1 4 _aAgroforestería
_zVeracruz.
_92181
650 1 4 _aBosques
_xAdministración.
_914003
650 1 4 _aCedrela odorata.
_920856
650 1 4 _aCultivos
_xVeracruz.
_930337
650 1 4 _aJuglans.
_962283
650 1 4 _aPlantación de árboles.
_988782
650 1 4 _aRoseodendron donnell smithii.
_9100147
650 1 4 _aSistemas agrosilvopascícolas.
_9106737
856 _3Finding aid
_uhttp://10.13.5.2/tesis/99880.pdf
_zTeclea aqui
901 _aBK
905 _aAlejandra Carrasco M.
942 _cFOLL
949 _aTesis
_bBC
_cTES
_d33724000921730
_eTS2
_fc.2
_h41888
_i99880
_si
949 _aTesis
_bBC
_cTES
_d998801
_eTS1
_h41887
_i99880
_sb
999 _c88357
_d88357